000 005060000a22001810004500
003 MACL
005 20160412142310.0
008 160412b xxu||||| |||| 00| 0 eng d
040 _aMACL
_cMACL
041 _aHindi
082 _a658
100 _aकुमार राम
_951955
245 _aआपकी लाडली
260 _bअग्रवाल प्रकाशन
_c2006
_aनई दिल्‍ली
350 _a295
650 _aHome Economics
_951956
942 _cHIN
_k658
_2ddc
999 _c18964
_d18964